| 000 | 00587nam a2200181Ia 4500 | ||
|---|---|---|---|
| 999 |
_c3999 _d3999 |
||
| 003 | 0100 | ||
| 008 | 130227s9999 xx 000 0 und d | ||
| 020 | _a9781779221100 | ||
| 040 | _cARRUPELIB | ||
| 050 |
_aHD1333.Z55 _bZ71 2010 |
||
| 100 |
_aScoones, Ian et al. _924492 |
||
| 245 |
_aZimbabwe's land reform _bmyths & realities _cIan Scoones, et al... |
||
| 260 |
_aHarare: Woodbridge _bWeaver Press; James Currey _c2010 |
||
| 300 |
_axv, 288p. ; _c22cm . |
||
| 440 |
_aAfrican issues _930308 |
||
| 650 |
_bLand reform _xHistory _y21st century _zZimbabwe _948453 |
||
| 942 |
_2lcc _02 _cMONOGRAPH |
||